Psicología evolutiva del niño y del adolescente

Збережено в:
Бібліографічні деталі
Автор: Mira y López, Emilio (autor)
Формат: Книга
Мова:Іспанська
Опубліковано: Buenos Aires El Ateneo 1969
Редагування:12a. ed
Предмети:
Теги: Додати тег
Немає тегів, Будьте першим, хто поставить тег для цього запису!

MARC

LEADER 00000nam a2200000 a 4500
001 UCO9391
003 CL-VaPUC
008 010302e19690000AG |||||||||||||||||spa|d
082 0 4 |a 155.7  |b MIR  |2 21 
100 |a Mira y López, Emilio  |e autor  |9 570732 
245 1 0 |a Psicología evolutiva del niño y del adolescente 
250 |a 12a. ed 
300 |a 252 p 
942 |c BK 
945 |d 20010302 00:00:00  |a vberengu 
260 |a Buenos Aires  |b El Ateneo  |c 1969 
650 0 |a Psicología del desarrollo  |9 307541 
650 7 |a DESARROLLO FISIOLOGICO  |2 CL-VaPUC  |9 312423 
650 0 |a Desarrollo afectivo  |9 334359 
650 0 |a Adolescentes  |9 308058 
650 0 |a Niños  |9 255605 
583 |a last modification  |c 20010302 00:00:00  |k Rodrigo Vera 
999 |c 293603  |d 293601 
952 |0 0  |1 0  |4 0  |6 155_700000000000000_MIR_1969  |7 0  |8 A  |9 345231  |a FDOPOS  |b FDOPOS  |d 2019-11-20  |i 3691780  |o 155.7 MIR 1969  |p 3691780  |r 2025-01-22  |w 2019-11-20  |y BK  |k MLA